02145nam a2200337 450000100030000000300040000300500170000700800410002402000150006504000080008004100130008808200170010110000230011824000300014124500800017125000200025126000330027130000110030449000370031550000740035252011890042665000250161565000100164065000200165065000190167065000100168965500120169965500160171170000430172783000370177085OSt20250528074011.0250123b |||||||d |||| 00| 1 eng d a8501063401 bpor hengapor a028.5bC116p1 aCabot, Meg,d1967- aPrincess in the spotlight aA princesa:bSob os refletores /cCabot, Meg ; Tradução de Ruy Jungmann a10° edição aRio de JaneirobRecordc2006 a256 p.1 aO diário da PrincesavLivro 02 aA Princesa sob os refletores Sequência de: O diário da princesa aO novo livro de Meg Cabot conta mais treze dias de histórias do diário de Mia, depois das revelações de O diário da princesa. Depois de tantas reviravoltas, Mia acredita que as coisas estão acalmando-se. Ela continua tendo aulas de bons costumes com a avó aristocrata, ou “sessões de torturas”, como diz, vê a avó vestindo seu bichinho de estimação com casacos de pele de chinchila e usando delineador permanente tatuado nos olhos. Até que, um dia, é informada que será a atração principal de um dos programas de entrevista mais populares dos Estados Unidos. Para completar, sua mãe está grávida de seu professor de álgebra e a própria Mia não consegue mais esconder sua paixão pelo irmão de sua melhor amiga, Michael. Princesa sob os refletores é mais um delicioso diário imaginado por Meg Cabot, que revela os segredos de uma jovem sensível e em crise (como todo adolescente). Uma heroína encantadora com muitas histórias para contar, Mia Thermopolis já conquistou o coração de todas as adolescentes ao redor do mundo, que já aguardam ansiosas os próximos volumes dos diários desta Cinderela às avessas. 0aLiteratura Americana 0aHumor 0aAmor e Paixão 0aInfantojuvenil 0aFilme 0aRomance 0aFicção  aCelina Cavalcante Falck-CookeTradutor aO diário da princesavLivro 02